| 000 | 01028cam a2200289 a 4500 | ||
|---|---|---|---|
| 999 |
_c3446 _d3446 |
||
| 001 | (Sirsi) a727698 | ||
| 003 | OSt | ||
| 005 | 20240120150447.0 | ||
| 008 | 111226s2007 enka c 000 1 eng d | ||
| 020 | _a9780141322629 (pbk.) : | ||
| 040 |
_aCHA _beng _cTAE _dKH8 |
||
| 042 | _anbic | ||
| 082 | 0 | _a823.914 DAH | |
| 100 | 1 |
_aDahl, Roald, _d1916-1990. _eAuthor |
|
| 245 | 1 | 4 |
_aThe BFG / _cRoald Dahl ; illustrated by Quentin Blake. |
| 260 |
_aLondon : _bPuffin, _c2007. |
||
| 300 |
_a198 p. : _bill. ; _c20 cm. |
||
| 490 | 1 | _aMy Roald Dahl. | |
| 500 | _aOriginally published: London: Jonathan Cape, 1982. | ||
| 520 | _aKidsnatched from her orphanage by a BFG (Big Friendly Giant), who spends his life blowing happy dreams to children, Sophie concocts with him a plan to save the world from nine other man-gobbling cannybull giants. | ||
| 521 | 1 | _a9-12. | |
| 650 | 0 |
_aGiants _vJuvenile fiction. |
|
| 650 | 1 |
_aGiants _vFiction. |
|
| 700 | 1 |
_aBlake, Quentin. _eIllustrator |
|
| 830 | 0 | _aMy Roald Dahl. | |
| 942 |
_2ddc _cFIC |
||